THE CHOTANAGPUR TENANCY ACT 1ST ED. 2024 (Record no. 8810)

MARC details
000 -LEADER
fixed length control field 00460nam a22001697a 4500
005 - DATE AND TIME OF LATEST TRANSACTION
control field 20250911114302.0
008 - FIXED-LENGTH DATA ELEMENTS--GENERAL INFORMATION
fixed length control field 250910b |||||||| |||| 00| 0 eng d
020 ## - INTERNATIONAL STANDARD BOOK NUMBER
ISBN 978-81-19415-61-8
041 ## - LANGUAGE CODE
Language code of text/sound track or separate title eng
082 ## - DEWEY DECIMAL CLASSIFICATION NUMBER
Classification number 340.52 SRI-C
100 ## - MAIN ENTRY--AUTHOR NAME
Personal name SRIVASTAVA , G.K. AND ALAM , S
245 ## - TITLE STATEMENT
Title THE CHOTANAGPUR TENANCY ACT 1ST ED. 2024
260 ## - PUBLICATION, DISTRIBUTION, ETC. (IMPRINT)
Place of publication PRAYAGRAJ
Name of publisher CENTRAL LAW AGENCY
Year of publication 2024
300 ## - PHYSICAL DESCRIPTION
Number of Pages 280,P
650 ## - SUBJECT ADDED ENTRY--TOPICAL TERM
Topical Term LEGAL STUDIES
942 ## - ADDED ENTRY ELEMENTS (KOHA)
Koha item type Books
Holdings
Lost status Damaged status Collection code Home library Current library Shelving location Date acquired Source of acquisition Cost, normal purchase price Full call number Accession Number Koha item type
    LAW JRU Library JRU Library Reference Section 10/09/2025 PURCHASE 390.00 340.52 28823 Books
    LAW JRU Library JRU Library   10/09/2025 PURCHASE 390.00 340.52 28824 Books